Tilastot visalle E:llä alkavat valtiot

Klikkaa tästä pelataksesi tätä visaa!

Yleistilastot

  • Tätä visaa on pelattu 4 022 kertaa
  • Keskiarvotulos 6 / 9

Vastaustilastot

Valtio% Oikein
Etiopia
84%
Espanja
84%
Eritrea
83%
Ecuador
76%
Etelä-Afrikka
68%
Etelä-Korea
68%
El Salvador
58%
Etelä-Sudan
57%
Egypti
53%

Tulosjakauma

Persentiili vastausten määrän mukaan

Jokaisen tuloksen saaneiden osuus

Tuloshistoriasi

Et ole pelannut tätä visaa